LIBRARY & INFORMATION CENTRE, KCAET, TAVANUR

ONLINE PUBLIC ACCESS CATALOGUE (OPAC)

Normal view MARC view
  • Sankara,kurup, G.

Entry Personal Name

Number of records used in: 3

001 - CONTROL NUMBER

  • control field: 4323

003 - CONTROL NUMBER IDENTIFIER

  • control field: OSt

005 - DATE AND TIME OF LATEST TRANSACTION

  • control field: 20191021201427.0

008 - FIXED-LENGTH DATA ELEMENTS

  • fixed length control field: 191021|| aca||aabn | a|a d

040 ## - CATALOGING SOURCE

  • Original cataloging agency: OSt
  • Transcribing agency: OSt

100 ## - HEADING--PERSONAL NAME

  • Personal name: Sankara,kurup, G.

670 ## - SOURCE DATA FOUND

  • Source citation: Work cat.: (OSt): Sankara,kurup, G., Nava athithi
free website counter